000
00312pab a2200133 454500
008
180718b xxu||||| |||| 00| 0 eng d
100
_a
Arvind
245
_a
Privatisation: tread softly
650
_a
Government Enterprise
650
_a
Privatisation
700
_a
S., Chatterjee
773
_a
Yojana
909
_a
2134
999
_c
2134
_d
2134